| 000 | 00745nas a2200253 4500 | ||
|---|---|---|---|
| 001 | BR9404254 | ||
| 003 | BR-BrBNA | ||
| 005 | 20231205093630.0 | ||
| 007 | ta | ||
| 008 | 230509b bl.|||p| |||| 00| 00por d | ||
| 040 |
_aBR-BrBNA _bpor _cBiblioteca Nacional de Agricultura |
||
| 041 | _a(Pt) | ||
| 072 | _aF30 | ||
| 100 | 1 | _aPatella, A.E.C. | |
| 245 | 1 | _aCultivares e hibridos de couve-flor de verao para a regiao sul do Rio Grande do Sul | |
| 650 | _aCouve-Flor | ||
| 650 | _aHibrido | ||
| 650 | _aVariedade | ||
| 650 | _aCultura de Verao | ||
| 650 | _aRio Grande do Sul | ||
| 773 | 0 |
_tHorti Sul (Brazil) _xISSN 0103-3700 _g(Jan 1990), v. 3(1) p. 27-28 _wBR9404254 |
|
| 909 |
_a202311 _bLúcia _c55 _dLúcia Elande |
||
| 942 |
_2AGRIS _n0 _cANA |
||
| 999 |
_c139569 _d139569 |
||